000 00559nam a2200181 i 4500
001 22198
003 ES-MaACL
005 20250903084336.0
007 t|
008 030131n19001999sp ||||1| spa d
245 0 0 _aBatsford's collectors'library
_b: a series of handbooks written by experts...
260 _aLondon :
_bB. T. Bartsford,
_c[19--]
300 _a[18] p. :
_bil. ;
_c22 cm.
650 7 _aCatálogos de editores-
_yS.XX
_2
_9169795
650 7 _aCatálogos de editores-
_yS.XX
_2
_9169795
852 _aES-MaACL
_j1511-F-2
999 _c22198
_d22198